[Event "DSOL 08 Liga Gr-A 1st"]
[Site "Playchess.com INT"]
[Date "2020.06.25"]
[Round "1.1"]
[White "Heilmann, Jonathan"]
[Black "Petermann, Robin"]
[Result "1-0"]
[WhiteElo "1077"]
[BlackElo "1509"]
[PlyCount "61"]
[EventDate "2020.06.22"]
[EventType "team-tourn (rapid)"]
[EventCountry "GER"]
[SourceTitle "EXT 2021"]
[Source "ChessBase"]
[SourceDate "2020.10.23"]
[SourceVersion "1"]
[SourceVersionDate "2020.10.23"]
[SourceQuality "1"]
[WhiteTeam "Alzenau Koenigsspringer III"]
[BlackTeam "Werder Bremen III"]
[WhiteTeamCountry "GER"]
[BlackTeamCountry "GER"]

1. e4 e5 2. Nf3 Nc6 3. d4 exd4 4. Nxd4 Bc5 5. Nxc6 bxc6 6. Nc3 d6 7. Bc4 Nf6 8. Bg5 0-0 9. 0-0 Be6 10. Bd3 Qe7 11. Re1 Rab8 12. b3 Bd4 13. Qd2 h6 14. Bh4 Rfe8 15. Rab1 Bd7 16. Ne2 Qe5 17. Bxf6 Qxf6 18. Nxd4 Qxd4 19. c3 Qe5 20. h3 d5 21. exd5 Qxd5 22. c4 Qd6 23. Rbd1 Rxe1+ 24. Rxe1 Bf5 25. Rd1 Rd8 26. Qa5 Qf6 27. Be2 Rxd1+ 28. Bxd1 Qg5 29. Kh1 Qf4 30. Qxa7 Qxf2 31. Qxf2 1-0